000 02726nam a2200397 a 4500
001 0000213
003 DO-SdBNP
005 20180312101726.0
007 0000213
008 150130s2014 dr ac 000 0 spa d
020 _a9789945118841 (v. 1)
020 _a9789945118872 (v. 2)
020 _a9789945118810 (v. 3)
040 _aBPMSU
_bspa
_cBPMSU
092 _a372.7
_bS237m, 1ro 2014
100 1 _aSantos, Altagracia
245 1 0 _aMatemáticas 1 :
_beducación primaria /
_cAltagracia Santos; edición Andrés Molina Maloon
260 _aSanto Domingo :
_bSantillana,
_c2014.
300 _a3v.
_bil., retrs.,
_c28 cm. +
_eCD-ROM
490 1 _aProyecto todos juntos
505 0 _tv.1 - Libro; v.2 -Guía didáctica; v.3 - Cuaderno de fichas de actividad
505 0 _gv. 1 :
_tEn el recreo --
_tDe paseo al acuario --
_tMi rincón favorito --
_tAvioncitos en el aire --
_gProyecto 1: mi agenda semanal --
_tEn la fila --
_tEn la tienda de mascotas --
_tEl carnaval del colegio --
_tDe fin de semana --
_gProyecto 2: con papel y tijeras --
_tUn patrimonio de todos --
_tEl cumpleaños de Sara --
_tLos gupis de Mario --
_tEl colmado de Tomás --
_tEn la heladería --
_gProyecto 3: construcciones de cuerpos geométricos --
505 0 _gv. 2 :
_gGuía didáctica: recursos didácticos para el profesorado --
_tUn proyecto bien fundamentado --
_tLas claves del proyecto --
_tEl proyecto todos juntos en el nuevo sistema curricular --
_tLos instrumentos del nuevo sistema curricular --
_tCompetencias e indicadores de logro para las matemáticas en el primer ciclo del nivel primario --
_tSecuencia de contenidos del primer ciclo del nivel primario --
_tMateriales para el estudiante --
_tMateriales para el docente --
_tEl texto escolar --
_tLos proyectos --
_tEl cuaderno de actividades --
_tEl libromedia --
_tLa guía didáctica --
_tMapa de contenidos --
505 0 _gv. 3 :
_gCuaderno: fichas de actividades --
_tEn el recreo --
_tDe paseo al acuario --
_tMi rincón favorito --
_tAvioncitos en el aire --
_tEn la fila --
_tEn la tienda de mascotas --
_tEl carnaval del colegio --
_tDe fin de semana --
_tUn patrimonio de todos --
_tEl cumpleaños de Sara --
_tLos grupos de Mario --
_tEl colmado de Tomás --
_tEn la heladería --
650 _aMATEMÁTICAS
_xENSEÑANZA BÁSICA
650 4 _aEDUCACIÓN PRMARIA
_zREPÚBLICA DOMINICANA
650 4 _aMATEMÁTICAS
_xENSEÑANZA ELEMENTAL
650 4 _aMATEMÁTICAS
_xESTUDIOS Y EJERCICIOS
650 4 _aMATEMÁTICAS
_xLIBROS DE TEXTOS
700 1 2 _aMolina Maloon, Andrés,
_eed.
830 0 _aProyecto todos juntos
910 _aValidado. Control de calidad MFF
942 _2ddc
_cBK
945 _aRemanejada para la BNPHU 2018 / BT
956 _aYLOCKWARD
_b10
_c20150702
_lBND01
_h1429
999 _c7951
_d7951